| 000 | 00773nam a2200193 a 4500 | ||
|---|---|---|---|
| 008 | 130418s2006 ||||||||||||||||| || u | ||
| 020 | _a0850928354 | ||
| 050 | _aHC 59.7 Eur | ||
| 100 | _aGrynberg, Roman | ||
| 245 | 1 | 4 |
_aThe European Development Fund and Economic Partnership Agreements _cedited by Roman Grynberg and Alice Clarke |
| 260 |
_aLondon: _bCommonwealth Secretariat _c2006 |
||
| 300 | _avi, 161p.: ill. | ||
| 490 | _aCommonwealth economic papers | ||
| 490 | _v75 | ||
| 650 | _aECONOMIC ASSISTANCE, EUROPEAN--DEVELOPING COUNTRIES | ||
| 650 | _aEUROPEAN DEVELOPMENT FUND | ||
| 700 | _aClarke, Alice | ||
| 995 |
_FCBU-MAIN LIBRARY (Kitwe) _M1 _UAVAILABLE _WJun 13, 2013 _ZMain Library Open Access Collection |
||
| 999 |
_c42585 _d42585 |
||